000 00544nam a2200181Ia 4500
008 090123s9999 xx 000 0 und d
082 _b8462
100 _aगवाणकर आशा
245 _aओळख देख राहू दे
250 _a1
260 _bकेमकर प्रकाशन
300 _a24
600 _aगवाणकर आशा
630 _aओळख देख राहू दे
700 _aगवाणकर आशा
730 _aओळख देख राहू दे
942 _cBOOK
999 _c46528
_d46528